00332nam a2200109 a 4500008004100000020001500041050001600056100002500072245007500097260004100172350000900213120416s0000 ||||||||||||||||| || u a8171693296 aZ 669.7 Res aGoswami, Mohan Inder10aResearch methodology in library sciencecedited by Mohan Inder Goswami aIndiabCommonwealth Publishersc1995 a0.00